000 00794nam a2200229 a 4500
001 65838
003 BD-RjUL
005 20211209081453.0
008 170312s1974 bg |||| |||| 000 0 ben d
020 _c: Tk. 8.50
035 _a(BD-RjUL)65968
040 _aBD-RjUL
_bben
_cBD-RjUL
_dBD-RjUL
041 _aben
082 _223
_a954.9205
_bHUN 1974
100 1 _aহক, জহুরুল
_9194698
245 1 0 _aনিষিদ্ধ নিশ্বাস /
_cজহুরুল হক
260 _aঢাকা :
_bবাংলা একাডেমী,
_c১৯৭৪ [১৩৮১]
300 _a৯৪ পৃৃ. ;
_c২১ সেমি.
651 _aবাংলাদেশ
_xইতিহাস
_y১৯৭১
_9193114
651 _aBangladesh
_xHistory
_y1971
_9193115
942 _2ddc
_cBK
999 _c65838
_d65838